Panduan menulis berita & bencana

Bibliographic Details
Main Author: Sulaiman Masri
Format: Book
Published: Kuala Lumpur : Penerbitan sarjana (m) sdn.bhd. , 1983

MARC

LEADER 00000cam a2200000 7i4500
001 0000058653
005 20160113.0
008 160113
020 |a 9679490025 
090 0 0 |a 070.4   |b SUL 
100 1 |a Sulaiman Masri 
245 1 0 |a Panduan menulis berita & bencana   |c Sulaiman Masri 
260 |a Kuala Lumpur :   |b Penerbitan sarjana (m) sdn.bhd. ,   |c 1983 
999 |a 0000039378   |b Book   |c Adult Collection   |e Cawangan Mersing 
999 |a 0000039382   |b Book   |c Adult Collection   |e Cawangan Pontian 
999 |a 00039376   |b Book   |c Adult Collection   |e Cawangan Muar